00410nam a2200109Ia 4500008004100000100002900041245007600070260003300146300001700179650001900196856008500215160712s9999 xx 000 0 und d aTaqueban, Efenita May M. cEfenita M. TaquebanaSalam: Of Dislocation, Marginality and Flexibility c2012bSocial Science Diliman avol. 8 no. 2 xSOCIAL SCIENCE uhttp://journals.upd.edu.ph/index.php/socialsciencediliman/issue/view/377/showToc